000 00395nam a2200157Ia 4500
005 20250520012948.0
008 240331s9999 xx 000 0 und d
020 _a9552035074
082 _bGAM
_a305
100 _aGamage, K
245 0 _aPrabanda kathawen nirupitha kanthawa
260 _aColombo
_bS. Godage & Brothers
_c1999
300 _a215 p .,
500 _aWomen Based Story
942 _cL
999 _c1651
_d1651